000 00412cam a2200181ua 4500
020 _c2.50
041 _ahin
_h
082 _a891.43
_bRAN/PA
100 _aRangeya raghav, .
245 _aPatjhar /
_cRangeya raghav.
_hTextual Documents
250 _a1 /
_b.
260 _a :
_bRajpal and Sanch ,
_c1962.
300 _a120 ; .
365 _a2.50
504 _a
942 _cBK
999 _c2940
_d2940